000 00966nam a2200277 i 4500
001 72166
003 ES-MaACL
005 20250511130023.0
007 t|
008 040826s1978 sp ||||1| spa d
020 _a84-306-2107-5
080 _a821.134.2 Rojas, Fernando de 7 Celestina. 07
100 1 _aGilman, Stephen.
_956997
245 1 3 _aLa España de Fernando de Rojas
_b: panorama intelectual y social de "La Celestina" /
_cStephen Gilman ; [versión, Pedro Rodríguez Santidrián].
260 _aMadrid :
_bTaurus,
_c[1978]
300 _a534 p. ;
_c21 cm.
490 1 _aPersiles ;
_v107
500 _aApéndices: documentación y genealogías, p. 469-514.
600 1 4 _aRojas, Fernando de,
_dca. 1470-1541.
_tLa Celestina
_999043
700 1 _aRodríguez Santidrián, Pedro.
_9160710
830 1 0 _aPersiles ;
_v107
_9236720
852 _aES-MaACL
_jA-9084
852 _aES-MaACL
_jA-9515
942 _2udc
999 _c72166
_d72166